Normal view
MARC view
- Farm machinery
Entry Topical Term
001 - CONTROL NUMBER
- control field: 707
003 - CONTROL NUMBER IDENTIFIER
- control field: OSt
005 - DATE AND TIME OF LATEST TRANSACTION
- control field: 20160701115542.0
008 - FIXED-LENGTH DATA ELEMENTS
- fixed length control field: 160701|| aca||aabn | a|a d
040 ## - CATALOGING SOURCE
- Original cataloging agency: OSt
- Transcribing agency: OSt
150 ## - HEADING--TOPICAL TERM
- Topical term or geographic name as entry element: Farm machinery
670 ## - SOURCE DATA FOUND
- Source citation: Work cat.: (OSt)40: Jagadish , Sahay . 705, Elements Of Agricultural Engineering [Farm Power, Farm Machinery, Farm Processing, Farm Electricity], 2015
